Bitka na Kosovom poli symbol tragédie srbského štátu

Bibliographic Details
Main Author: Hurbanič, Martin, 1971- (Author)
Format: Article
Language:Slovak
PhysicalDescription:Obr.
Subjects:

MARC

LEADER 00000nab a2200000 a 4500
001 vtls000664318
003 SK-MaSNL
005 20260304102347.0
008 250426c1998 xo 0 slo
015 |a SNBRB1998/06-17277 
035 |a CLN000016504 
035 |a urn:nbn:sk:snk-ab1k9a 
035 |a (urnnbn)urn:nbn:sk:snk:ar-004b74 
035 |a (uuid)8ae96021-f154-45c3-a328-c3b9cc0ae7e1 
040 |a SNKBUCL  |b slo  |c SNKBUCL  |e AACR2 
041 0 |a slo 
044 |a xo  |c SK 
080 |a 949.711"13":956.0"13"  |2 1997 
080 |a 956.0"13":949.711"13"  |2 1997 
100 1 |a Hurbanič, Martin,  |d 1971-  |4 aut  |9 104958 
245 1 0 |a Bitka na Kosovom poli  |b symbol tragédie srbského štátu  |c Martin Hurbanič 
300 |b Obr. 
648 7 |a 14. stor.  |2 snkbucl  |9 304589 
650 0 7 |a bitka na Kosovom poli (1389 : Kosovo Polje, Kosovo)  |2 snkbucl  |9 14513 
651 7 |a Srbsko  |x dejiny  |2 snkbucl  |9 22562 
651 7 |a Turecko  |x dejiny  |2 snkbucl  |9 24799 
655 7 |a články z novín a časopisov  |2 snkbucl  |9 267496 
773 0 |t Historická revue  |g Roč. 9, č. 5 (1998), s. 8-9 
850 |a Slovenská národná knižnica 
852 |a Slovenská národná knižnica 
954 |a odborná, vedecká literatúra pôvodná (slovenská)  |2 lita 
958 |a article27 
958 |a RY 
958 |a TR 
958 |a OND 
958 |a EUIPO 
992 |a RBX 
999 |c 2844729  |d 2846659